Hướng dẫn điều trị ngộ độc cấp

Saved in:
Bibliographic Details
Main Author: NGUYỄN THỊ DỤ
Format: Book
Language:Undetermined
Published: Y học 2001
Tags: Add Tag
No Tags, Be the first to tag this record!
Institutions: Trung tâm Học liệu Trường Đại học Cần Thơ
LEADER 00425nam a2200145Ia 4500
001 CTU_49955
008 210402s9999 xx 000 0 und d
082 |a 615.9 
082 |b H561 
100 |a NGUYỄN THỊ DỤ 
245 0 |a Hướng dẫn điều trị ngộ độc cấp 
245 0 |c NGUYỄN THỊ DỤ 
260 |b Y học 
260 |c 2001 
980 |a Trung tâm Học liệu Trường Đại học Cần Thơ